000
00309nam a22001337a 4500
008
181012b xxu||||| |||| 00| 0 eng d
020
_a
9780838514566
041
_a
eng
080
_2
1th
_a
617
100
_a
5
101
_a
KIR
245
_a
Current Surgical Diagnosis & Treatment
_c
Way,L.W
942
_2
udc
_c
BK
999
_c
49558
_d
49558